000 01243nam a22002657a 4500
005 20170124103152.0
010 _aA-699798
020 _c80.00
035 _aA-699798
037 _bCen Lib/Ret
040 _aDPL
_bHN
082 _a616.462
_bअग्रवा
100 _aअग्रवाल, यतीश
_9113128
245 _aडाइबिटिज़ बचाव और उपचार /
_cयतीश अग्रवाल
246 _aDiabetes : bachav aur upchar /
_bby Yatish Agrawal
260 _aनई दिल्ली
_bआर्य बुक डिपो
_c1994
270 _a30, नाईवाला, करोल बाग
_bनई दिल्ली
_e110005
300 _axiv,124पृ. :
_c21सेमी(सजिल्द)
_bसचित्र
500 _aअनुक्रमणिका शामिल
650 _aमधुमेह औषध गोलियाँ--उपयोग
_9113129
650 _aमधुमेह--गर्भावस्था और स्त्री जीवन
_9113130
650 _aDiabetes drug tablets--Use
_9113131
650 _aDiabetes--Pregnancy and female life
_9113132
942 _2ddc
_cHN
_h616.462
_mअग्रवा
999 _c120051
_d120051